|
|
|
|
| LEADER |
00885ncm a22002412a 4500 |
| 001 |
000199868 |
| 003 |
CZ BrMZK |
| 005 |
20110218092822.0 |
| 007 |
qu |
| 008 |
960101s1936 xr f cze d |
| 040 |
|
|
|a BOA001
|b cze
|
| 072 |
|
7 |
|a 78
|x Hudba
|2 Konspekt
|9 9
|
| 100 |
1 |
|
|a Schächter, Adolf,
|d 1900-1944
|7 jx20090907050
|4 cmp
|
| 245 |
1 |
0 |
|a Kde je moje mládí
|h [hudebnina] :
|b písnička z operety "Já jsem malý mysliveček" /
|c hudba A. Schächter ; slova Jind. Mlejnek
|
| 260 |
|
|
|a Praha :
|b R.A. Dvorský,
|c 1936
|
| 300 |
|
|
|a [4] s.
|
| 490 |
1 |
|
|a [Popěvky nakladatelství R.A. Dvorský] ;
|v č. 9
|
| 700 |
1 |
|
|a Mlejnek, Jindra
|7 jx20090806010
|4 lyr
|
| 830 |
|
0 |
|a [Popěvky nakladatelství R.A. Dvorský]
|
| 910 |
|
|
|a BOA001
|b Mus1-0168.594,9
|
| 990 |
|
|
|a MU
|
| 991 |
|
|
|b 201102
|
| 996 |
6 |
|
|b 2619934468
|c Mus1-0168.594,9
|l MZK
|r Sklad / do 1 hodiny
|n 1
|w 000199868
|u 000010
|a 1
|e BOA001
|j MZK50
|s P
|